000
00289nam a2200121Ia 4500
008
220216s9999 xx 000 0 und d
100
_a
Varghese Y A
245
0
_a
Puthiya rubberinagal bhaviyude vagdaanam
260
_b
Rubber
_c
2007
300
_a
6-8.
700
_a
Jacob C K
942
_c
ML
999
_c
72801
_d
72801